| 000 | 00741nam a2200253Ia 4500 | ||
|---|---|---|---|
| 003 | OSt | ||
| 005 | 20220925221324.0 | ||
| 006 | a|||||r|||| 00| 0 | ||
| 007 | ta | ||
| 008 | 220923b |||||||| |||| 00| 0 eng d | ||
| 037 | _cGeneral Book | ||
| 040 |
_aRTL _cRTL _beng |
||
| 041 |
_2eng _aeng |
||
| 082 | _aY:45.3.N7, L1 | ||
| 100 |
_aCarson W G Ed. _9286278 |
||
| 245 | 0 | _aSociology of crime and delinquency in Britain. V1 | |
| 260 |
_aLondon _bMartin Robertson _c1971 |
||
| 300 |
_a300p _ccm. |
||
| 490 | _vV1: The British tradition | ||
| 650 |
_aSocial Crime _9233199 |
||
| 700 |
_a Wiles Paul Ed. _9286279 |
||
| 942 |
_hY:45.3.N7, L1 _cGB _2CC |
||
| 999 |
_c573958 _d573958 |
||